Devinez la Capitale Mystère #130 - Statistiques

Statistiques générales
  • Ce quiz a été pris 103 fois
  • Le résultat moyen est 26 sur 31
Statistiques - réponses
Type de Réponse Réponse % Correct
Lettre Trouvée A
100%
Lettre de l'Alphabet R
100%
Lettre Trouvée I
99%
Lettre de l'Alphabet S
99%
Lettre de l'Alphabet E
97%
Lettre de l'Alphabet O
97%
Lettre Trouvée P
97%
Lettre de l'Alphabet L
96%
Lettre de l'Alphabet M
96%
Lettre de l'Alphabet D
95%
Lettre de l'Alphabet N
95%
Lettre de l'Alphabet B
91%
Lettre de l'Alphabet T
90%
Lettre de l'Alphabet K
89%
Lettre de l'Alphabet U
89%
Lettre Bien Placée A
87%
Lettre de l'Alphabet G
86%
Lettre de l'Alphabet C
85%
Lettre de l'Alphabet H
82%
Lettre de l'Alphabet Y
77%
Lettre de l'Alphabet W
75%
Lettre de l'Alphabet V
73%
Lettre Bien Placée A
70%
Lettre de l'Alphabet J
68%
Lettre de l'Alphabet X
68%
Lettre de l'Alphabet Z
68%
Lettre Bien Placée I
65%
Lettre de l'Alphabet F
61%
Lettre de l'Alphabet Q
61%
Capitale Mystère Apia
59%
Lettre Bien Placée P
59%
Aucun quiz correspondant
Distribution des résultats
% des personnes avec chaque résultat
Percentile par nombre de réponses
Votre historique - résultats
Vous n’avez pas pris ce quiz